[Event "Oberliga Ost-B 2122"]
[Site "Germany"]
[Date "2022.07.03"]
[Round "7.7"]
[White "Spitzl, Philipp"]
[Black "Wrede, Michael"]
[Result "1/2-1/2"]
[WhiteElo "2025"]
[BlackElo "2140"]
[PlyCount "23"]
[EventDate "2021.10.10"]
[EventType "team-tourn"]
[EventRounds "11"]
[EventCountry "GER"]
[SourceTitle "EXT 2023"]
[Source "ChessBase"]
[SourceDate "2022.10.05"]
[SourceVersion "1"]
[SourceVersionDate "2022.10.05"]
[SourceQuality "1"]
[WhiteTeam "Griesheim"]
[BlackTeam "Moerlenbach Birkenau"]
[WhiteTeamCountry "GER"]
[BlackTeamCountry "GER"]

1. c4 e6 2. g3 f5 3. Bg2 Nf6 4. Nc3 Bb4 5. e3 0-0 6. Nge2 c6 7. 0-0 d5 8. d3 Qe7 9. a3 Ba5 10. e4 Bc7 11. Qb3 Nbd7 12. cxd5 1/2-1/2

[Event "Oberliga Ost-B 2122"]
[Site "Germany"]
[Date "2022.07.02"]
[Round "6.7"]
[White "Lukas, Anne"]
[Black "Spitzl, Philipp"]
[Result "1-0"]
[WhiteElo "2049"]
[BlackElo "2025"]
[PlyCount "59"]
[EventDate "2021.10.10"]
[EventType "team-tourn"]
[EventRounds "11"]
[EventCountry "GER"]
[SourceTitle "EXT 2023"]
[Source "ChessBase"]
[SourceDate "2022.10.05"]
[SourceVersion "1"]
[SourceVersionDate "2022.10.05"]
[SourceQuality "1"]
[WhiteTeam "Gernsheim"]
[BlackTeam "Griesheim"]
[WhiteTeamCountry "GER"]
[BlackTeamCountry "GER"]

1. Nf3 e6 2. g3 d5 3. Bg2 Nf6 4. d3 Be7 5. Nbd2 0-0 6. 0-0 c6 7. e4 b6 8. e5 Nfd7 9. Re1 c5 10. h4 Nc6 11. Nf1 Bb7 12. h5 h6 13. N1h2 Rc8 14. Ng4 Kh7 15. Bf4 Qe8 16. Bxh6 f5 17. exf6 Nxf6 18. Ng5+ Kh8 19. Bxg7+ Kxg7 20. Nxe6+ Kh8 21. Nxf8 Qxf8 22. c3 Rd8 23. Nxf6 Qxf6 24. Qf3 Qg5 25. Re6 Rd6 26. Rae1 Rxe6 27. Rxe6 Nd8 28. Rg6 Qe5 29. Qg4 Kh7 30. Rh6+ 1-0

[Event "Hessenliga 1921"]
[Site "Hessen"]
[Date "2019.12.01"]
[Round "4.8"]
[White "Rondonuwu, Grover"]
[Black "Spitzl, Philipp"]
[Result "1/2-1/2"]
[WhiteElo "2106"]
[BlackElo "2040"]
[PlyCount "89"]
[EventDate "2019.09.22"]
[EventType "team-tourn"]
[EventRounds "9"]
[EventCountry "GER"]
[SourceTitle "EXT 2024"]
[Source "ChessBase"]
[SourceDate "2023.10.10"]
[SourceVersion "1"]
[SourceVersionDate "2023.10.10"]
[SourceQuality "1"]
[WhiteTeam "Frankfurt TV"]
[BlackTeam "Griesheim II"]
[WhiteTeamCountry "GER"]
[BlackTeamCountry "GER"]

1. d4 d5 2. c4 e6 3. Nc3 Nf6 4. cxd5 exd5 5. Bg5 Be7 6. Qc2 c6 7. e3 0-0 8. Bd3 Nbd7 9. Nge2 Re8 10. 0-0 Nf8 11. Rab1 a5 12. a3 Ng6 13. Ng3 Qd6 14. Nf5 Bxf5 15. Bxf5 Ng4 16. Bxg4 Bxg5 17. g3 Bf6 18. Na4 Nf8 19. Nc5 Reb8 20. b4 Ne6 21. Bxe6 fxe6 22. bxa5 Qe7 23. Qc3 e5 24. Rb6 Qc7 25. Rfb1 exd4 26. exd4 Re8 27. Nxb7 Rac8 28. Nc5 Ra8 29. a6 Qc8 30. Kg2 Qg4 31. R1b4 Bd8 32. Rxc6 Ba5 33. Qb3 Bxb4 34. Qxd5+ Kh8 35. axb4 Re2 36. h3 Rxf2+ 37. Kxf2 Rf8+ 38. Kg1 Qd1+ 39. Kh2 Rf2+ 40. Qg2 Rxg2+ 41. Kxg2 Qe2+ 42. Kg1 Qe3+ 43. Kg2 Qe2+ 44. Kg1 Qe1+ 45. Kg2 1/2-1/2

[Event "Bamberg op 2nd"]
[Site "Bamberg"]
[Date "2019.05.29"]
[Round "1"]
[White "Spitzl, Philipp"]
[Black "Weishaeutel, Moritz"]
[Result "0-1"]
[WhiteElo "2013"]
[BlackElo "2252"]
[PlyCount "75"]
[EventDate "2019.05.29"]
[EventType "swiss"]
[EventRounds "7"]
[EventCountry "GER"]
[SourceTitle "CBM 190 Extra"]
[Source "ChessBase"]
[SourceDate "2019.07.15"]
[SourceVersion "1"]
[SourceVersionDate "2019.07.15"]
[SourceQuality "1"]

1. c4 c5 2. g3 Nc6 3. Bg2 g6 4. Nc3 Bg7 5. Nf3 e6 6. 0-0 Nge7 7. d3 0-0 8. Bg5 h6 9. Bd2 d5 10. cxd5 exd5 11. Rb1 b6 12. a3 a5 13. Ne1 Be6 14. Na4 Rb8 15. Nc2 d4 16. b4 axb4 17. axb4 c4 18. dxc4 Bxc4 19. b5 Ne5 20. Na3 Bd5 21. Bb4 Re8 22. Bxe7 Rxe7 23. Nc2 Bxg2 24. Kxg2 Qd5+ 25. Kg1 Rd7 26. Ne1 Ra7 27. Rb4 Qd6 28. Rb1 Rba8 29. Nb2 Ra2 30. Ned3 Qa3 31. Nxe5 Bxe5 32. Nc4 Qc5 33. Qd3 Bg7 34. Rfc1 Re8 35. Re1 Re6 36. Nd2 Qc2 37. Nf3 Rxe2 38. Rxe2 0-1

[Event "Hessenliga 1617"]
[Site "Hessen"]
[Date "2017.03.05"]
[Round "7.8"]
[White "Hoehn, Michael"]
[Black "Spitzl, Philipp"]
[Result "1-0"]
[WhiteElo "2052"]
[BlackElo "2065"]
[PlyCount "63"]
[EventDate "2016.09.18"]
[EventType "team-tourn"]
[EventRounds "9"]
[EventCountry "GER"]
[SourceTitle "EXT 2018"]
[Source "ChessBase"]
[SourceDate "2017.10.13"]
[SourceVersion "1"]
[SourceVersionDate "2017.10.13"]
[SourceQuality "1"]
[WhiteTeam "Offenbach"]
[BlackTeam "Griesheim II"]
[WhiteTeamCountry "GER"]
[BlackTeamCountry "GER"]

1. Nf3 e6 2. g3 d5 3. Bg2 Nf6 4. d4 Be7 5. 0-0 0-0 6. c4 dxc4 7. Qa4 a6 8. Qxc4 b5 9. Qc2 Bb7 10. Nbd2 Nbd7 11. Ne5 Bxg2 12. Kxg2 Nxe5 13. dxe5 Nd5 14. Nf3 c5 15. a3 Qc7 16. Bg5 h6 17. Bxe7 Nxe7 18. Rac1 Rac8 19. Rfd1 Ng6 20. Qe4 Rfd8 21. h4 Rd7 22. h5 Ne7 23. g4 c4 24. g5 Nf5 25. gxh6 Nxh6 26. Rg1 Qc5 27. Qf4 Kh8 28. e3 Re8 29. Kh3 Qe7 30. Rg5 f6 31. Rg6 Rf8 32. Rxh6+ 1-0

[Event "Wunsiedel op 10th"]
[Site "Wunsiedel"]
[Date "2016.05.05"]
[Round "1"]
[White "Spitzl, Philipp"]
[Black "Nasuta, Grzegorz"]
[Result "0-1"]
[WhiteElo "2061"]
[BlackElo "2413"]
[PlyCount "72"]
[EventDate "2016.05.05"]
[EventType "swiss"]
[EventRounds "7"]
[EventCountry "GER"]
[SourceTitle "CBM 172 Extra"]
[Source "ChessBase"]
[SourceDate "2016.06.21"]
[SourceVersion "1"]
[SourceVersionDate "2016.06.21"]
[SourceQuality "1"]

1. c4 e5 2. g3 Nf6 3. Bg2 d5 4. cxd5 Nxd5 5. Nc3 Nb6 6. d3 Be7 7. Nf3 Nc6 8. 0-0 0-0 9. Rb1 Re8 10. Bd2 Bf8 11. Bg5 f6 12. Be3 Be6 13. Ne1 Qd7 14. Nc2 Rab8 15. b4 Nd4 16. a4 c6 17. Qd2 Rbd8 18. a5 Nc8 19. Ne4 a6 20. Bxd4 exd4 21. Na3 Na7 22. Rfc1 Bg4 23. Re1 Qf7 24. h3 Bc8 25. Qf4 f5 26. Ng5 Qf6 27. Nc4 Nb5 28. h4 h6 29. Nf3 Nc3 30. Rb2 g6 31. g4 Nd5 32. Qxd4 Qxd4 33. Nxd4 Bg7 34. Nxc6 bxc6 35. Rb3 fxg4 36. Nb6 Be6 0-1

[Event "Hessenliga 1516"]
[Site "Germany"]
[Date "2016.04.24"]
[Round "9.5"]
[White "Spitzl, Philipp"]
[Black "Nies, Peter"]
[Result "0-1"]
[WhiteElo "2057"]
[BlackElo "2056"]
[PlyCount "118"]
[EventDate "2015.09.27"]
[EventType "team-tourn"]
[EventRounds "9"]
[EventCountry "GER"]
[SourceTitle "EXT 2018"]
[Source "ChessBase"]
[SourceDate "2017.10.13"]
[SourceVersion "1"]
[SourceVersionDate "2017.10.13"]
[SourceQuality "1"]
[WhiteTeam "Griesheim II"]
[BlackTeam "Gernsheim"]
[WhiteTeamCountry "GER"]
[BlackTeamCountry "GER"]

1. c4 e6 2. g3 Nf6 3. Bg2 c5 4. Nf3 Qc7 5. 0-0 b6 6. b3 Bb7 7. Bb2 Be7 8. d3 d5 9. e3 Nbd7 10. Nbd2 0-0 11. Qe2 Rfe8 12. Rfd1 Rad8 13. Rac1 Qb8 14. a3 Qa8 15. Bc3 Bf8 16. Ne1 d4 17. Bb2 dxe3 18. fxe3 e5 19. e4 g6 20. Nc2 Bh6 21. Rf1 Re6 22. Rcd1 Rd6 23. Nf3 Re8 24. Ne3 Qd8 25. Bc1 Kg7 26. Nh4 Bxe3+ 27. Bxe3 Bc8 28. h3 Nb8 29. b4 cxb4 30. axb4 Nc6 31. b5 Nd4 32. Qb2 Nh5 33. Kh2 Kg8 34. Qf2 Rf6 35. Nf3 Nxf3+ 36. Bxf3 Qd7 37. Qg2 Rd6 38. Bg4 Qe7 39. Be2 Qd7 40. Bg4 Qe7 41. c5 Rf6 42. Qe2 Rxf1 43. Rxf1 Bxg4 44. hxg4 Ng7 45. cxb6 axb6 46. Bxb6 Rb8 47. Qf2 Qe6 48. Ra1 Ne8 49. Ra6 Nf6 50. Kg2 Nxg4 51. Qc5 Qb3 52. Qc7 Rf8 53. Qd7 Qc2+ 54. Kf3 Qd1+ 55. Kg2 Qe2+ 56. Kh3 h5 57. Kh4 Qh2+ 58. Kg5 Qxg3 59. Bd8 Qf4+ 0-1

[Event "Hessenliga 1516"]
[Site "Germany"]
[Date "2015.09.27"]
[Round "1.5"]
[White "Spitzl, Philipp"]
[Black "Bahlo, Jens"]
[Result "1-0"]
[WhiteElo "2057"]
[BlackElo "2013"]
[PlyCount "83"]
[EventDate "2015.09.27"]
[EventType "team-tourn"]
[EventRounds "9"]
[EventCountry "GER"]
[SourceTitle "EXT 2018"]
[Source "ChessBase"]
[SourceDate "2017.10.13"]
[SourceVersion "1"]
[SourceVersionDate "2017.10.13"]
[SourceQuality "1"]
[WhiteTeam "Griesheim II"]
[BlackTeam "Giessen II"]
[WhiteTeamCountry "GER"]
[BlackTeamCountry "GER"]

1. c4 Nc6 2. g3 d5 3. Bg2 Be6 4. Qa4 Qd7 5. cxd5 Bxd5 6. Nf3 0-0-0 7. 0-0 Kb8 8. e4 Be6 9. Nc3 h5 10. d3 f6 11. Be3 Bh3 12. d4 a6 13. d5 Bxg2 14. Kxg2 Ne5 15. Qd4 b6 16. Nxe5 fxe5 17. Qxe5 h4 18. Qe6 Qxe6 19. dxe6 h3+ 20. Kg1 g6 21. Rad1 Rxd1 22. Rxd1 Kc8 23. Nd5 Kb7 24. Nf4 Bg7 25. Nxg6 Rh5 26. b3 Nf6 27. f3 Bh6 28. Bxh6 Rxh6 29. Nxe7 Ne8 30. Nd5 Rxe6 31. Nf4 Rf6 32. Kf2 Rc6 33. Rd2 Rh6 34. g4 Rf6 35. Kg3 b5 36. e5 Rc6 37. Nxh3 Rc3 38. Nf2 b4 39. Ne4 Rc1 40. h4 Ng7 41. h5 Ne6 42. h6 1-0

[Event "Wunsiedel op 9th"]
[Site "Wunsiedel"]
[Date "2015.05.14"]
[Round "1"]
[White "Spitzl, Philipp"]
[Black "Kunin, Vitaly L"]
[Result "0-1"]
[WhiteElo "2073"]
[BlackElo "2571"]
[PlyCount "126"]
[EventDate "2015.05.14"]
[EventType "swiss"]
[EventRounds "7"]
[EventCountry "GER"]
[SourceTitle "CBM 166 Extra"]
[Source "ChessBase"]
[SourceDate "2015.06.18"]
[SourceVersion "1"]
[SourceVersionDate "2015.06.18"]
[SourceQuality "1"]

1. c4 e5 2. g3 Nc6 3. Bg2 f5 4. Nc3 Nf6 5. d3 Bb4 6. Bd2 0-0 7. e3 d6 8. Nge2 Be6 9. Nd5 Bxd2+ 10. Qxd2 Rb8 11. 0-0 Ne7 12. Nxf6+ Rxf6 13. Rac1 b6 14. Rfd1 Rf8 15. b4 Qd7 16. b5 a5 17. f4 Bf7 18. Re1 Kh8 19. a4 Ng8 20. Nc3 Nf6 21. Nd5 Qd8 22. Nxf6 Qxf6 23. d4 Rbd8 24. Qc3 Rfe8 25. dxe5 dxe5 26. Red1 Rxd1+ 27. Rxd1 exf4 28. Qxf6 gxf6 29. exf4 Bxc4 30. Rc1 Bb3 31. Rxc7 Bxa4 32. Rc6 Rb8 33. Bf1 Bb3 34. Kf2 a4 35. Bc4 Bxc4 36. Rxc4 Ra8 37. Rc2 a3 38. Ra2 Kg7 39. Ke3 Kf7 40. Kd4 Ke6 41. Kc4 Kd6 42. Rd2+ Kc7 43. Ra2 Ra5 44. Kb4 Kd6 45. Kc4 Ra4+ 46. Kb3 Ra8 47. Kc4 h5 48. Rd2+ Ke6 49. Re2+ Kf7 50. Ra2 Ra5 51. Kb4 Ke6 52. Kc4 h4 53. Re2+ Kd6 54. Rd2+ Kc7 55. Ra2 hxg3 56. hxg3 Kd6 57. Rd2+ Ke6 58. Ra2 Kf7 59. Kd3 Ra4 60. Kc3 Kg6 61. Kd3 Kh5 62. Ke3 Kg4 63. Kf2 Ra5 0-1

[Event "Eschborn op 10th"]
[Site "Eschborn"]
[Date "2013.08.31"]
[Round "3"]
[White "Feldtmann, Thomas"]
[Black "Spitzl, Philipp"]
[Result "1/2-1/2"]
[WhiteElo "2222"]
[BlackElo "1953"]
[PlyCount "77"]
[EventDate "2013.08.30"]
[EventType "swiss"]
[EventRounds "5"]
[EventCountry "GER"]
[SourceTitle "EXT 2014"]
[Source "ChessBase"]
[SourceDate "2013.11.20"]
[SourceVersion "1"]
[SourceVersionDate "2013.11.20"]
[SourceQuality "1"]

1. d4 d5 2. c4 e6 3. Nc3 Be7 4. cxd5 exd5 5. Bf4 c6 6. e3 Nf6 7. Bd3 0-0 8. Qc2 Re8 9. Nf3 Nbd7 10. 0-0 Nf8 11. h3 g6 12. Ne5 Ne6 13. Bh6 Ng7 14. g4 Nd7 15. f4 Nxe5 16. fxe5 Bg5 17. Bxg5 Qxg5 18. Qf2 Be6 19. Rae1 Qe7 20. e4 Red8 21. exd5 Bxd5 22. Nxd5 cxd5 23. Bc2 Ne6 24. Bb3 Rac8 25. a3 Rc7 26. Qe3 b5 27. Rf6 a5 28. Ref1 Qe8 29. Qd2 a4 30. Ba2 Qc6 31. Qf2 Qb7 32. h4 Qa7 33. Rd1 Qb7 34. h5 Qc8 35. Qe3 Ng7 36. Qf4 Ne6 37. Qe3 Ng7 38. Qf4 Ne6 39. Qe3 1/2-1/2

[Event "Rhein Main op-A 14th"]
[Site "Bad Homburg"]
[Date "2011.06.23"]
[Round "3"]
[White "Wohlfahrt, Michael"]
[Black "Spitzl, Philipp"]
[Result "1/2-1/2"]
[WhiteElo "1765"]
[BlackElo "2135"]
[PlyCount "135"]
[EventDate "2011.06.22"]
[EventType "swiss"]
[EventRounds "7"]
[EventCountry "GER"]
[SourceTitle "EXT 2012"]
[Source "ChessBase"]
[SourceDate "2011.11.24"]
[SourceVersion "1"]
[SourceVersionDate "2011.11.24"]
[SourceQuality "1"]

1. e4 e6 2. Qe2 b6 3. c4 c5 4. Nf3 Nc6 5. d3 d6 6. g3 g6 7. b3 Bg7 8. Bb2 e5 9. Bg2 Nge7 10. 0-0 0-0 11. Na3 f5 12. Rfd1 h6 13. Nb5 f4 14. h3 fxg3 15. fxg3 g5 16. Nh2 Be6 17. Rf1 Qd7 18. Rxf8+ Rxf8 19. Rf1 a6 20. Na3 Bxh3 21. Rxf8+ Bxf8 22. Nc2 Be6 23. Ne3 Ng6 24. Nd5 Bxd5 25. exd5 Nce7 26. Qh5 Kg7 27. Ng4 Ng8 28. Be4 Qf7 29. Bc1 Be7 30. Ne3 Qf6 31. Nf5+ Kh7 32. Be3 Bf8 33. Bf2 N8e7 34. Ne3 Qf7 35. Kf1 Kg7 36. Ng4 Ng8 37. Ke1 Kh7 38. Be3 Nf6 39. Nxf6+ Qxf6 40. Ke2 Be7 41. Kd2 Bd8 42. Qh3 Kg7 43. Ke2 Nf8 44. Qh5 Qf7 45. Qxf7+ Kxf7 46. g4 Kf6 47. a3 Ng6 48. Kf3 Nf4 49. Bd2 h5 50. gxh5 Nxh5 51. Kg4 Nf4 52. Be3 b5 53. b4 Bb6 54. cxb5 axb5 55. Bd2 cxb4 56. axb4 Bd4 57. Bf5 Nxd5 58. Bxg5+ Kf7 59. Bd7 Nxb4 60. Bxb5 Ke6 61. Bd2 Nc2 62. Ba4 Be3 63. Bxc2 Bxd2 64. Kf3 Kd5 65. Ke2 Bf4 66. Bb3+ Kd4 67. Bf7 d5 68. Bg6 1/2-1/2

[Event "Eschborn op 08th"]
[Site "Eschborn"]
[Date "2011.05.15"]
[Round "4"]
[White "Barisch, Florian"]
[Black "Spitzl, Philipp"]
[Result "0-1"]
[WhiteElo "1981"]
[BlackElo "2131"]
[PlyCount "42"]
[EventDate "2011.05.13"]
[EventType "swiss"]
[EventRounds "5"]
[EventCountry "GER"]
[SourceTitle "EXT 2014"]
[Source "ChessBase"]
[SourceDate "2013.11.20"]
[SourceVersion "1"]
[SourceVersionDate "2013.11.20"]
[SourceQuality "1"]

1. d4 d5 2. Bf4 e6 3. e3 Bd6 4. Bg3 Nf6 5. Nf3 0-0 6. Nbd2 c5 7. c3 b6 8. Ne5 Qc7 9. Bd3 Ba6 10. Bc2 Nbd7 11. f4 Rac8 12. a4 Rfe8 13. Qf3 Nf8 14. Bf2 N6d7 15. Qg3 f6 16. Ng4 Kh8 17. Nf3 cxd4 18. exd4 Bxf4 19. Qh3 Qc4 20. Bd1 Ng6 21. Qh5 e5 0-1

[Event "Eschborn op 08th"]
[Site "Eschborn"]
[Date "2011.05.14"]
[Round "3"]
[White "Spitzl, Philipp"]
[Black "Feldtmann, Thomas"]
[Result "0-1"]
[WhiteElo "2131"]
[BlackElo "2265"]
[PlyCount "82"]
[EventDate "2011.05.13"]
[EventType "swiss"]
[EventRounds "5"]
[EventCountry "GER"]
[SourceTitle "EXT 2014"]
[Source "ChessBase"]
[SourceDate "2013.11.20"]
[SourceVersion "1"]
[SourceVersionDate "2013.11.20"]
[SourceQuality "1"]

1. c4 c5 2. Nc3 Nc6 3. Nf3 e5 4. d3 g6 5. g3 Bg7 6. Bg2 Nge7 7. 0-0 d6 8. Rb1 0-0 9. Bd2 a5 10. a3 Rb8 11. e4 Nd4 12. Nxd4 cxd4 13. Ne2 b5 14. cxb5 Rxb5 15. b4 axb4 16. Rxb4 Rxb4 17. Bxb4 Nc6 18. Qa4 Nxb4 19. axb4 Bd7 20. Qb3 Qb6 21. Rb1 Bb5 22. Bf1 Qa6 23. Nc1 Bh6 24. Qb2 Ra8 25. Nb3 Qa2 26. Na5 Qe6 27. Nc4 f5 28. exf5 gxf5 29. Bg2 Ra6 30. Qb3 e4 31. Bf1 d5 32. Na5 Qd7 33. f3 exf3 34. Kf2 Be3+ 35. Kxf3 f4 36. g4 Rg6 37. h3 h5 38. g5 Rxg5 39. Qc2 Rg3+ 40. Ke2 f3+ 41. Ke1 Rg1 0-1